One-Eyed Movie Posters Quiz Stats

 Plays Quiz Updated Sep 28, 2017

Challenge
Share
Tweet
Score 0/20 Timer 04:00
2 Plays Today
% Correct
The Revenant
86.9%
Notting Hill
82.8%
Silence of the Lambs
81%
Ferris Bueller's Day Off
78.1%
Logan
73.5%
Les Misérables
67%
Jack Reacher
66.8%
Lucy
63.1%
Hanna
61.8%
The Martian
61.7%
% Correct
The Hunger Games
61.2%
The Hobbit
59.8%
Mad Max: Fury Road
59.5%
No Country for Old Men
56%
Rogue One
54.8%
The Social Network
53.8%
Deathly Hallows – Part 1
53.4%
2001: A Space Odyssey
53.3%
A Nightmare on Elm Street
43.7%
Thor
25.6%

You're not logged in!

Compare scores with friends on all Sporcle quizzes.
OR
Log In

You Might Also Like...

Show Comments

Extras

Top Quizzes Today


Score Distribution

Your Account Isn't Verified!

In order to create a playlist on Sporcle, you need to verify the email address you used during registration. Go to your Sporcle Settings to finish the process.

Report this User

Report this user for behavior that violates our Community Guidelines.

Details: